00883nam a2200229 i 450000100060000000300090000600500170001500700030003200800410003502000180007608000150009410000520010924500770016126000790023830000290031749000270034671000390037383000350041285200670044799900170051495201220053111788ES-MaACL20240423160501.0t|961212s1991 sp ||||1| spa d a84-87942-00-8 a860-14"19"1 aFernández Martínez, María Lourdes.94991110aTierra redonda y profética / cMaría Lourdes Fernández Martínez. aGuadalajara : bAyuntamiento, Patronato Municipal de Cultura, cD.L. 1991. a70 p. : bil. ; c21 cm.1 aColección Avena loca1 aGuadalajara. bAyuntamiento.945480 aColección Avena Loca9228222 aES-MaACLjL-19199 bR.122862 q. - Ded. autógr. de la autora c11788d11788 00104070aATENEOMbATENEOMcDEPO2d2008-01-17eSCl0oL-19199p1012015r2023-02-23 00:00:00w2023-02-23yMONOGRAFIA